01126nam a2200253 a 450000100100000000500170001000800410002702000180006804000250008608200190011110000550013024500460018526000450023130000200027650000640029659000260036065000280038665000310041491000380044595201320048395201170061595201230073299900170085500003939820240412074300.0130626s2007 dr r 001 p spa d a9789993422952 aDO-SdBNPbspacBNPHU aRD861.44bE77t1 aEspinal Sepúlveda, Víctor Julio,d1968-92895710aTestamento de locura /cVíctor Espinal. aSanto Domingo :bEl Nuevo Diario,c2007. a74 p. ;c22 cm. aIncluye datos biográficos del autor en la contracubierta. aInventariado, 2018/BT 0aPoesía dominicana966 0aLiteratura dominicana.967 aValidado. Control de calidad. EMS 001054708DSaGRbGRcHDd2015-04-10iLF1l0oRD861.44 E77tp39398-30r2020-06-25te. 3w2020-06-25yLFDSZPréstamo en sala 0010718PDaPDbPDcHDd2013-06-26iLF1l0oRD861.44 E77tp39398-10r2020-06-25w2020-06-25yLFPDZNo se presta 0010718PDaPDbPDcHDd2013-09-05iLF1l0oRD861.44 E77tp39398-20r2020-06-25te. 2w2020-06-25yLFPDZNo se presta c38888d38888